[Event "European Youth Chess Championship G12"]
[Site "Prague, Top Hotel Prague"]
[Date "2016.08.26"]
[Round "8.20"]
[White "Kostina, Veronika"]
[Black "Pisova, Petra"]
[Result "1/2-1/2"]
[WhiteElo "1309"]
[BlackElo "1555"]
[PlyCount "88"]
[EventDate "2016.08.18"]

1. d4 d5 2. c4 e6 3. cxd5 exd5 4. Nc3 Nf6 5. Bg5 Be7 6. e3 O-O 7. Bd3 b6 8. Nf3
Bb7 9. Qc2 Nbd7 10. O-O Rc8 11. Ne5 h6 12. Nxd7 Qxd7 13. Bxf6 gxf6 14. Bf5 Qd8
15. Bxc8 Qxc8 16. Rfc1 c6 17. Qe2 Qf5 18. Qf3 Qe6 19. Ne2 Kh8 20. Nf4 Qd6 21.
Qh5 Kh7 22. Qf5+ Kh8 23. Nh5 Rg8 24. Qf4 Qxf4 25. Nxf4 Kh7 26. Nxd5 Bd8 27. Nf4
f5 28. Rc2 Kg7 29. Kf1 Kf6 30. g3 Bc7 31. d5 Bxf4 32. dxc6 Ba6+ 33. Ke1 Bc7 34.
Rd1 Bc8 35. Rd3 Re8 36. Ra3 a6 37. Rd2 Re6 38. Rc3 b5 39. b4 a5 40. a3 axb4 41.
axb4 Bd6 42. Rb3 Be7 43. Rc2 Re4 44. Ke2 Rxb4 1/2-1/2

[Event "European Youth Chess Championship G12"]
[Site "Prague, Top Hotel Prague"]
[Date "2016.08.26"]
[Round "8.21"]
[White "Desai, Nilomi"]
[Black "Guillo, Longares Cecilia"]
[Result "1/2-1/2"]
[WhiteElo "1511"]
[BlackElo "1845"]
[PlyCount "95"]
[EventDate "2016.08.18"]

1. d4 Nf6 2. c4 c5 3. d5 e6 4. Nc3 exd5 5. cxd5 d6 6. e4 g6 7. f3 Bg7 8. Bg5
Nbd7 9. Nh3 a6 10. a4 Ne5 11. Nf2 O-O 12. Qd2 Qa5 13. Ra3 Rb8 14. Be2 Re8 15.
O-O Qc7 16. h3 c4 17. Kh1 b5 18. axb5 axb5 19. Na2 Bb7 20. Nb4 Ned7 21. Rc1 Ra8
22. Rca1 Rxa3 23. Rxa3 Nc5 24. Bd1 Nfd7 25. Be3 Rc8 26. Bd4 Nf6 27. Qc3 Qd8 28.
g4 Ne8 29. Bxg7 Nxg7 30. Kg2 h5 31. Qd2 Nd7 32. Rc3 Ra8 33. b3 cxb3 34. Bxb3
Nc5 35. Bd1 Qh4 36. Qf4 Ne8 37. Be2 Na6 38. Nxa6 Bxa6 39. Rb3 Rb8 40. Ra3 Bc8
41. Rb3 Bd7 42. e5 Qe7 43. Nd3 g5 44. Qh2 h4 45. f4 Nc7 46. Bf3 Rb6 47. exd6
Rxd6 48. Nb4 1/2-1/2

[Event "European Youth Chess Championship G12"]
[Site "Prague, Top Hotel Prague"]
[Date "2016.08.26"]
[Round "8.22"]
[White "Kasaeva, Sofiia"]
[Black "Toncheva, Nadya"]
[Result "1/2-1/2"]
[WhiteElo "1514"]
[BlackElo "1689"]
[PlyCount "96"]
[EventDate "2016.08.18"]

1. e4 c5 2. Nf3 e6 3. d4 cxd4 4. Nxd4 a6 5. Be2 Qc7 6. O-O Nf6 7. Nc3 b5 8. Bf3
Bb7 9. a3 Be7 10. e5 Ng8 11. Bxb7 Qxb7 12. Be3 f6 13. Qe2 fxe5 14. Qh5+ g6 15.
Qxe5 Bf6 16. Qc5 Ne7 17. Bg5 Bxg5 18. Qxg5 Rf8 19. Rad1 Rf7 20. Qe5 Nec6 21.
Qe3 Nxd4 22. Rxd4 Nc6 23. Ne4 Qc7 24. Nd6+ Kf8 25. Nxf7 Nxd4 26. Ng5 e5 27. c3
Nf5 28. Qf3 Qc6 29. Nxh7+ Kg7 30. Ng5 d5 31. Rd1 Rd8 32. Qg4 d4 33. cxd4 Rxd4
34. Rxd4 exd4 35. Qd1 d3 36. Nf3 Qc2 37. Qd2 Nd4 38. Qe1 Nxf3+ 39. gxf3 Kf7 40.
Qe4 Qc1+ 41. Kg2 d2 42. Qd5+ Ke7 43. Qb7+ Kd6 44. Qb6+ Kd5 45. Qd8+ Kc5 46.
Qc7+ Kd4 47. Qf4+ Kd5 48. Qf7+ Ke5 1/2-1/2

[Event "European Youth Chess Championship G12"]
[Site "Prague, Top Hotel Prague"]
[Date "2016.08.26"]
[Round "8.23"]
[White "Donghvani, Nia"]
[Black "Bolu, Yagmur"]
[Result "0-1"]
[WhiteElo "1686"]
[BlackElo "1510"]
[PlyCount "92"]
[EventDate "2016.08.18"]

1. e4 g6 2. d4 Bg7 3. Nc3 c6 4. f4 d5 5. e5 Nh6 6. Nf3 Bg4 7. Be3 f6 8. Qd2
Bxf3 9. gxf3 O-O 10. O-O-O Nf5 11. h4 Bh6 12. Ne2 fxe5 13. h5 exf4 14. Bxf4
Bxf4 15. Nxf4 Qd6 16. hxg6 hxg6 17. Nh3 Ng3 18. Rg1 Rxf3 19. Ng5 Rxf1 20. Rdxf1
Nxf1 21. Rxf1 Nd7 22. Rg1 Rf8 23. Qd3 Qf4+ 24. Kb1 Rf6 25. Qh3 Nf8 26. a3 Qxd4
27. Rh1 Rf5 28. Nh7 Qg7 29. Nxf8 Kxf8 30. Rg1 Qf6 31. Ka2 Kg7 32. Qb3 Qd4 33.
Re1 Qc4 34. Rxe7+ Rf7 35. Qxc4 dxc4 36. Re4 b5 37. a4 a6 38. Re6 Rf6 39. Re7+
Kf8 40. Ra7 c5 41. Rc7 Rb6 42. Rxc5 Kg7 43. a5 Rf6 44. Rc7+ Kh6 45. Ka3 g5 46.
Kb4 g4 0-1

[Event "European Youth Chess Championship G12"]
[Site "Prague, Top Hotel Prague"]
[Date "2016.08.26"]
[Round "8.24"]
[White "Korenova, Simona"]
[Black "Khachatryan, Nadezhda"]
[Result "0-1"]
[WhiteElo "1612"]
[BlackElo "1507"]
[PlyCount "44"]
[EventDate "2016.08.18"]

1. d4 d5 2. Nf3 Nc6 3. Bf4 Bg4 4. e3 Nf6 5. c4 e6 6. a3 Bd6 7. Bg3 O-O 8. Nbd2
e5 9. cxd5 Nxd5 10. Qb3 Bxf3 11. Nxf3 exd4 12. Qxb7 Na5 13. Qa6 Nb3 14. Bxd6
cxd6 15. Rd1 Re8 16. Nxd4 Qh4 17. Nf3 Nxe3 18. Be2 Nxg2+ 19. Kf1 Qh3 20. Kg1
Nf4 21. Ne1 Nxe2+ 22. Qxe2 Rxe2 0-1

[Event "European Youth Chess Championship G12"]
[Site "Prague, Top Hotel Prague"]
[Date "2016.08.26"]
[Round "8.25"]
[White "Ruzic, Pia Marie"]
[Black "Dvorakova, Olga"]
[Result "1/2-1/2"]
[WhiteElo "1353"]
[BlackElo "1601"]
[PlyCount "96"]
[EventDate "2016.08.18"]

1. c4 e5 2. Nc3 Nc6 3. g3 Nf6 4. Bg2 Bb4 5. a3 Bxc3 6. bxc3 d6 7. d3 h6 8. e4
O-O 9. Ne2 Bg4 10. h3 Bh5 11. O-O Qe7 12. Be3 Bg6 13. Kh2 Nd7 14. f4 f5 15.
fxe5 Ndxe5 16. exf5 Bxf5 17. Nf4 Nxd3 18. Nd5 Qd7 19. Qb3 Rab8 20. a4 Nde5 21.
a5 Bd3 22. Rxf8+ Kxf8 23. c5 Bc4 24. Qc2 Qf7 25. Qf2 Qxf2 26. Bxf2 Rc8 27. Ne3
Bd3 28. Ng4 Re8 29. Nxe5 Rxe5 30. cxd6 cxd6 31. Bxc6 bxc6 32. Bxa7 Re2+ 33. Kg1
Rc2 34. Bb8 Ba6 35. Bxd6+ Kf7 36. Bb4 c5 37. Bxc5 Rxc3 38. Bb6 Rxg3+ 39. Kh2
Rc3 40. Rg1 g6 41. Rg3 Rxg3 42. Kxg3 Ke6 43. Be3 h5 44. Kf4 Kd5 45. Kg5 Bd3 46.
h4 Kc6 47. Kf6 Kb7 48. Ke5 Ka6 1/2-1/2

[Event "European Youth Chess Championship G12"]
[Site "Prague, Top Hotel Prague"]
[Date "2016.08.26"]
[Round "8.26"]
[White "Trifoi, Mihaela-Ioana"]
[Black "Maciulaityte, Barbora"]
[Result "1/2-1/2"]
[WhiteElo "1595"]
[BlackElo "1505"]
[PlyCount "83"]
[EventDate "2016.08.18"]

1. e4 c5 2. Nf3 d6 3. c3 Nf6 4. h3 Nc6 5. Bd3 g6 6. Bc2 Bg7 7. O-O O-O 8. d4
cxd4 9. cxd4 d5 10. e5 Nd7 11. Nc3 Nb6 12. Re1 Nc4 13. Bd3 Nb6 14. Be3 Bd7 15.
a3 Qc8 16. Rc1 Bf5 17. Nh4 Bxd3 18. Qxd3 Qd7 19. Nf3 Rac8 20. b3 a6 21. Ne2 Na8
22. Ng3 Nc7 23. a4 Ne6 24. Red1 Rc7 25. Qd2 Rfc8 26. Kf1 Na7 27. Rxc7 Rxc7 28.
Rc1 b5 29. Rxc7 Qxc7 30. Qc1 Qxc1+ 31. Bxc1 Nc6 32. Be3 f6 33. exf6 Bxf6 34.
Ne2 Kf7 35. Ke1 Ke8 36. Kd2 Kd7 37. Kd3 Kd8 38. axb5 axb5 39. Nh2 Bg7 40. Ng4
b4 41. f4 Na5 42. Kc2 1/2-1/2

[Event "European Youth Chess Championship G12"]
[Site "Prague, Top Hotel Prague"]
[Date "2016.08.26"]
[Round "8.27"]
[White "Pipiras, Filipa Fortuna"]
[Black "Lomaia, Diana"]
[Result "1/2-1/2"]
[WhiteElo "1468"]
[BlackElo "1593"]
[PlyCount "85"]
[EventDate "2016.08.18"]

1. d4 Nf6 2. c4 e6 3. Nf3 b6 4. g3 Bb7 5. Bg2 Be7 6. O-O O-O 7. Nc3 Ne4 8. Bd2
c5 9. Qc2 Nxc3 10. Bxc3 Qc7 11. dxc5 bxc5 12. Rfd1 d6 13. b3 Nd7 14. Ne1 Bxg2
15. Nxg2 Bf6 16. Bxf6 Nxf6 17. Nf4 Rfd8 18. Rd2 d5 19. cxd5 exd5 20. f3 Rd7 21.
Rc1 Rc8 22. Qf5 Qb7 23. Rcd1 Rcd8 24. Nd3 Qb6 25. Kg2 Rc7 26. Nf4 d4 27. Rc2
Rdc8 28. Nd5 Nxd5 29. Qxd5 h6 30. Rdc1 Qb5 31. Qc4 Qd7 32. Qd3 Qe7 33. Rc4 Re8
34. R1c2 Rec8 35. Qf5 Qd6 36. Qd3 Qe5 37. f4 Qe7 38. Qf5 Qd6 39. Qd3 Qe7 40.
Qf5 Qd6 41. Qd3 Qe7 42. Qf5 Qd6 43. Qd3 1/2-1/2

[Event "European Youth Chess Championship G12"]
[Site "Prague, Top Hotel Prague"]
[Date "2016.08.26"]
[Round "8.28"]
[White "Mihailova, Alina"]
[Black "Koksa, Jelena"]
[Result "1-0"]
[WhiteElo "1579"]
[BlackElo "1463"]
[PlyCount "61"]
[EventDate "2016.08.18"]

1. d4 d5 2. c4 c6 3. Nf3 Nf6 4. Nc3 e6 5. e3 Nbd7 6. b3 b6 7. Bd3 Be7 8. O-O
O-O 9. Bb2 Bb7 10. Qe2 Rc8 11. Rac1 Qc7 12. Rfd1 Qb8 13. Ne5 Nxe5 14. dxe5 Nd7
15. f4 Rfd8 16. Qg4 g6 17. Qg3 f5 18. exf6 Nxf6 19. Ne2 Rf8 20. Qg5 Rf7 21. Be5
Qa8 22. Qg3 Nd7 23. Bxg6 hxg6 24. Qxg6+ Kf8 25. Qxe6 Bc5 26. Qh6+ Ke7 27. Qg5+
Kf8 28. Nd4 Bxd4 29. Bd6+ Ke8 30. Qg8+ Rf8 31. Qe6+ 1-0

[Event "European Youth Chess Championship G12"]
[Site "Prague, Top Hotel Prague"]
[Date "2016.08.26"]
[Round "8.29"]
[White "Zarebska, Lena"]
[Black "Lobanova, Milana"]
[Result "1-0"]
[WhiteElo "1522"]
[BlackElo "1348"]
[PlyCount "85"]
[EventDate "2016.08.18"]

1. e4 c6 2. d4 d5 3. e5 c5 4. Nf3 Bg4 5. c3 Nc6 6. Nbd2 cxd4 7. cxd4 Bxf3 8.
Nxf3 e6 9. Bd2 Qb6 10. Qc2 Bb4 11. Bc3 Nge7 12. Be2 Nxd4 13. Bb5+ Qxb5 14. Nxd4
Bxc3+ 15. Qxc3 Qd7 16. O-O Rc8 17. Qg3 O-O 18. f4 Nc6 19. Nf3 Nb4 20. Nh4 f6
21. f5 Nc6 22. fxe6 Qxe6 23. Nf5 g6 24. exf6 Rxf6 25. Rad1 Qd7 26. Nh6+ Kg7 27.
Rxf6 Kxf6 28. Rf1+ Ke6 29. Qf4 Qg7 30. Qg4+ Kd6 31. Qxc8 Qxh6 32. Qxb7 Qe3+ 33.
Kh1 d4 34. h3 Kc5 35. a3 d3 36. b4+ Kd5 37. Qd7+ Ke5 38. Qxc6 d2 39. Qc5+ Qxc5
40. bxc5 Kd5 41. Rd1 Kxc5 42. Rxd2 a5 43. Rd3 1-0

[Event "European Youth Chess Championship G12"]
[Site "Prague, Top Hotel Prague"]
[Date "2016.08.26"]
[Round "8.30"]
[White "Qasem, Huda"]
[Black "Van Den Brink, Nienke"]
[Result "1/2-1/2"]
[WhiteElo "1459"]
[BlackElo "1612"]
[PlyCount "79"]
[EventDate "2016.08.18"]

1. e4 c5 2. Nf3 d6 3. d4 cxd4 4. Nxd4 Nf6 5. Nc3 a6 6. h3 g6 7. Be3 Bg7 8. Be2
Bd7 9. Qd2 Nc6 10. O-O O-O 11. f4 b5 12. a3 Rc8 13. f5 Ne5 14. Bd3 Nc4 15. Bxc4
Rxc4 16. Qd3 Qc8 17. Rac1 Qb7 18. fxg6 hxg6 19. b3 Rc7 20. Nde2 Bc6 21. Ng3
Rfc8 22. Bd4 Bd7 23. Bxf6 Bxf6 24. Nd5 Bg5 25. Nxc7 Bxc1 26. Nd5 Bg5 27. Qf3
Be6 28. Rf2 Bh4 29. Nf4 Bxg3 30. Qxg3 Qxe4 31. Re2 Qd4+ 32. Kh2 Qf6 33. Nxe6
fxe6 34. Qg4 Qf5 35. Qxf5 exf5 36. Rxe7 Rxc2 37. Re6 Kf7 38. Rxd6 Rc3 39. Rxa6
Rxb3 40. a4 1/2-1/2

[Event "European Youth Chess Championship G12"]
[Site "Prague, Top Hotel Prague"]
[Date "2016.08.26"]
[Round "8.31"]
[White "Rahulan, Thivyaa"]
[Black "Efendieva, Alina"]
[Result "0-1"]
[WhiteElo "1428"]
[BlackElo "1589"]
[PlyCount "96"]
[EventDate "2016.08.18"]

1. e4 e5 2. Nf3 Nc6 3. Bc4 Nf6 4. Ng5 d5 5. exd5 Na5 6. Bb5+ c6 7. dxc6 bxc6 8.
Be2 h6 9. Nh3 Bc5 10. d3 O-O 11. Nc3 Bb6 12. O-O Nb7 13. Kh1 Nd6 14. Bf3 Qc7
15. Be3 Ba6 16. Re1 Rfe8 17. Bxb6 axb6 18. Qc1 Rad8 19. b3 Nf5 20. Ne4 Nd5 21.
Ng3 Nd4 22. Be4 Bc8 23. c3 Ne6 24. Qc2 Nf8 25. Rad1 Bxh3 26. gxh3 Nf4 27. Bg2
N8g6 28. Bf1 Qc8 29. Re3 Nxh3 30. Bxh3 Qxh3 31. Ne4 Qd7 32. Rg1 Kh8 33. Reg3
Rg8 34. Qd2 Nf4 35. Qc2 f5 36. Nd2 Ne2 37. R1g2 Nxg3+ 38. Rxg3 Qd5+ 39. Kg1 Rd6
40. Nc4 Rf6 41. Nxb6 Qe6 42. Nc4 f4 43. Rg2 f3 44. Rg3 Rg6 45. Kh1 Rxg3 46.
fxg3 Rf8 47. Qf2 e4 48. dxe4 Qxe4 0-1

[Event "European Youth Chess Championship G12"]
[Site "Prague, Top Hotel Prague"]
[Date "2016.08.26"]
[Round "8.32"]
[White "Stastna, Martina"]
[Black "Shehzad, Alisha"]
[Result "0-1"]
[WhiteElo "1423"]
[BlackElo "1528"]
[PlyCount "104"]
[EventDate "2016.08.18"]

1. e4 d5 2. exd5 Qxd5 3. Nc3 Qd6 4. d4 Nf6 5. Be3 a6 6. Bd3 Nc6 7. Nf3 Bg4 8.
Be2 O-O-O 9. Qd2 Bxf3 10. Bxf3 Nxd4 11. Bxd4 Qxd4 12. O-O-O Qxd2+ 13. Rxd2 Rxd2
14. Kxd2 e6 15. Rd1 Bb4 16. Kc1 Bxc3 17. bxc3 c6 18. Kb2 Rd8 19. Rf1 Kc7 20.
Kb3 Kb6 21. Kc4 Rd2 22. Kb3 Nd7 23. c4 Ne5 24. Bh5 g6 25. Kc3 Rd8 26. Be2 Kc5
27. f4 Nd7 28. Rd1 Kb6 29. h4 Kc7 30. g4 Nb6 31. Rb1 Na4+ 32. Kb3 Nc5+ 33. Kc3
Ne4+ 34. Kb2 Rd4 35. Rd1 Rxd1 36. Bxd1 Kd6 37. Bf3 f5 38. gxf5 gxf5 39. Bh5 e5
40. fxe5+ Kxe5 41. Be8 f4 42. Bh5 Kd4 43. Kc1 Ke3 44. Kd1 f3 45. Bxf3 Kxf3 46.
h5 Kg4 47. Ke2 Kxh5 48. Ke3 Nf6 49. Kd4 Kg4 50. Kc5 h5 51. Kb6 h4 52. Kxb7 h3
0-1

[Event "European Youth Chess Championship G12"]
[Site "Prague, Top Hotel Prague"]
[Date "2016.08.26"]
[Round "8.33"]
[White "Urbanc, Tina"]
[Black "Vozarova, Adriana"]
[Result "1-0"]
[WhiteElo "1419"]
[BlackElo "1500"]
[PlyCount "87"]
[EventDate "2016.08.18"]

1. d4 d5 2. e3 c6 3. f4 Nf6 4. Nf3 Nbd7 5. Bd3 e6 6. O-O Be7 7. Nbd2 c5 8. c3
O-O 9. b3 a6 10. a4 b6 11. Bb2 Bb7 12. Qc2 h6 13. Ne5 Nxe5 14. fxe5 Ng4 15. Rf3
Bg5 16. Nf1 h5 17. h3 Nh6 18. Ng3 c4 19. Be2 h4 20. Nf1 Nf5 21. g4 hxg3 22. Bc1
Bh4 23. Kg2 Bg5 24. Kg1 f6 25. exf6 Rxf6 26. Nxg3 Nxg3 27. Rxg3 Bh4 28. Rf3
cxb3 29. Qxb3 Rxf3 30. Bxf3 Qg5+ 31. Bg4 Rf8 32. Qxb6 Bc8 33. Ra2 Qf6 34. Kh2
Bf2 35. Qd6 Kh7 36. Qf4 Qh4 37. Qe5 g6 38. Ba3 Rf7 39. Rb2 Bd7 40. a5 Bb5 41.
Bd6 Bf1 42. Qxe6 Rg7 43. Qxd5 Re7 44. Qf3 1-0

[Event "European Youth Chess Championship G12"]
[Site "Prague, Top Hotel Prague"]
[Date "2016.08.26"]
[Round "8.34"]
[White "Katter, Katharina"]
[Black "Hertlein, Irena"]
[Result "0-1"]
[WhiteElo "1380"]
[BlackElo "1488"]
[PlyCount "142"]
[EventDate "2016.08.18"]

1. e4 d5 2. exd5 Qxd5 3. Nc3 Qd6 4. d4 Nf6 5. Nf3 c6 6. Ne5 Nbd7 7. Bf4 Nd5 8.
Nxd5 Qxd5 9. Qf3 Qxd4 10. Nxf7 Rg8 11. Rd1 Qc5 12. b3 Nf6 13. Bc4 Bg4 14. Qc3
Bxd1 15. Ne5 Nd5 16. Qh3 Qd6 17. Qf5 Nxf4 18. Bxg8 Bxc2 19. Qf7+ Kd8 20. O-O
Qf6 21. Qxf6 exf6 22. Nf3 Kc7 23. g3 Ne2+ 24. Kg2 Be4 25. Re1 Bxf3+ 26. Kxf3
Nd4+ 27. Kg2 h6 28. Bc4 Rd8 29. h4 Nf5 30. Re2 Nd6 31. Bd3 Re8 32. Rd2 Re5 33.
Bf1 Nb5 34. Bc4 a6 35. Kh2 Bc5 36. Kh3 Nd6 37. Bd3 Ne4 38. Bxe4 Rxe4 39. Kg2
Re1 40. Rc2 Bb4 41. Kf3 Bd6 42. Kg2 Bb4 43. Kh3 Rd1 44. Rc4 a5 45. Rg4 Bf8 46.
Re4 Kd7 47. Re2 Bb4 48. a4 Rd2 49. Re3 Rxf2 50. Kg4 f5+ 51. Kh5 f4 52. gxf4
Rxf4 53. Rg3 Be7 54. Rd3+ Kc7 55. Rh3 Rxh4+ 56. Rxh4 Bxh4 57. Kxh4 Kb6 58. Kh5
Kc5 59. Kg6 Kb4 60. Kxg7 h5 61. Kg6 h4 62. Kf6 h3 63. Ke6 h2 64. Kd7 h1=Q 65.
Kc7 Kc5 66. b4+ axb4 67. a5 Qh7+ 68. Kc8 b3 69. a6 bxa6 70. Kb8 Kb6 71. Ka8
Qa7# 0-1

[Event "European Youth Chess Championship G12"]
[Site "Prague, Top Hotel Prague"]
[Date "2016.08.26"]
[Round "8.35"]
[White "Sawhney, Anisha"]
[Black "Dimitrijevic, Andjela"]
[Result "0-1"]
[WhiteElo "1301"]
[BlackElo "1468"]
[PlyCount "48"]
[EventDate "2016.08.18"]

1. d4 Nf6 2. Bf4 d6 3. e3 Nbd7 4. c3 c6 5. Nd2 Qc7 6. e4 e5 7. Bg3 Be7 8. Bd3
O-O 9. h4 exd4 10. cxd4 Qb6 11. e5 dxe5 12. dxe5 Nd5 13. Qh5 g6 14. Qh6 Re8 15.
O-O-O Bf8 16. Qg5 h6 17. Qg4 Nxe5 18. Qe2 Nxd3+ 19. Qxd3 Bf5 20. Qc4 Nb4 21.
Nb1 Be6 22. Qf1 Nxa2+ 23. Kc2 Qb3+ 24. Kd2 Rad8+ 0-1

[Event "European Youth Chess Championship G12"]
[Site "Prague, Top Hotel Prague"]
[Date "2016.08.26"]
[Round "8.36"]
[White "Ramaiya, Arushi"]
[Black "Sild, Marta Pauliine"]
[Result "1-0"]
[WhiteElo "1468"]
[BlackElo "1239"]
[PlyCount "79"]
[EventDate "2016.08.18"]

1. d4 c5 2. c3 Nf6 3. Nf3 g6 4. Bf4 Bg7 5. e3 O-O 6. Nbd2 d6 7. h3 Nc6 8. g4
cxd4 9. cxd4 Re8 10. Nc4 b5 11. Ncd2 a6 12. Bg2 Qb6 13. Rc1 Bb7 14. Qe2 Rad8
15. Rg1 e5 16. dxe5 dxe5 17. Bg3 Nd7 18. a3 Nc5 19. Kf1 e4 20. Ng5 Bxb2 21. Rc2
Bg7 22. Ndxe4 Nxe4 23. Nxe4 Qa5 24. Nd6 Qxa3 25. Bxc6 Bxc6 26. Rxc6 Re6 27. Rc2
Rexd6 28. Bxd6 Qxd6 29. Kg2 Qb6 30. Rgc1 a5 31. Rc8 Rxc8 32. Rxc8+ Bf8 33. Kf1
Qb7 34. Qc2 a4 35. Qc5 Kg7 36. Qxf8+ Kf6 37. Qd6+ Kg7 38. Qe5+ Kh6 39. g5+ Kh5
40. Rh8 1-0

[Event "European Youth Chess Championship G12"]
[Site "Prague, Top Hotel Prague"]
[Date "2016.08.26"]
[Round "8.37"]
[White "Garau, Francesca"]
[Black "Orru`, Giulia"]
[Result "1-0"]
[WhiteElo "1621"]
[BlackElo "1134"]
[PlyCount "63"]
[EventDate "2016.08.18"]

1. e4 e6 2. d4 b6 3. Nf3 Bb7 4. Bd3 h6 5. O-O g6 6. Re1 Bg7 7. c3 Ne7 8. Be3 d6
9. Qd2 Nd7 10. Na3 c6 11. Nc4 Qc7 12. e5 dxe5 13. dxe5 Nxe5 14. Ncxe5 g5 15.
Nc4 O-O-O 16. Qe2 f5 17. a4 g4 18. Nd4 Bxd4 19. Bxd4 Rhg8 20. Qxe6+ Rd7 21.
Bxf5 Re8 22. Nd6+ Kb8 23. Nxe8 Qd8 24. Qxd7 Qxd7 25. Bxd7 Nd5 26. Be5+ Ka8 27.
Nc7+ Nxc7 28. Bxc7 a5 29. Bxb6 Kb8 30. Re8+ Bc8 31. Bxc8 h5 32. Ba6# 1-0

[Event "European Youth Chess Championship G12"]
[Site "Prague, Top Hotel Prague"]
[Date "2016.08.26"]
[Round "8.38"]
[White "Simonova, Stela"]
[Black "Skigelstrand, Live Jorgensen"]
[Result "0-1"]
[WhiteElo "1393"]
[BlackElo "1525"]
[PlyCount "76"]
[EventDate "2016.08.18"]

1. e4 c6 2. d4 d5 3. e5 Bf5 4. g4 Bg6 5. e6 fxe6 6. h4 Qd6 7. h5 Bf7 8. Nf3 Nd7
9. Nc3 e5 10. dxe5 Nxe5 11. Bf4 Nd3+ 12. Qxd3 Qxf4 13. g5 e5 14. Rh4 e4 15.
Rxf4 exd3 16. Bxd3 Bxh5 17. O-O-O Bd6 18. Re1+ Ne7 19. Rh4 Bxf3 20. Rxh7 Rxh7
21. Bxh7 O-O-O 22. Bd3 Rh8 23. g6 Rh1 24. Rxh1 Bxh1 25. Kd2 Bf3 26. Ne2 Bh5 27.
Ng3 Bxg3 28. fxg3 Bxg6 29. Be2 Kc7 30. c4 Kd6 31. b3 Ke5 32. cxd5 Nxd5 33. Bc4
Nf6 34. Ke3 Nd5+ 35. Kd2 Kd4 36. Be2 Nc3 37. a4 Nxe2 38. Kxe2 Bc2 0-1

[Event "European Youth Chess Championship G12"]
[Site "Prague, Top Hotel Prague"]
[Date "2016.08.26"]
[Round "8.39"]
[White "Maione, Melissa"]
[Black "Burdot, Clara"]
[Result "0-1"]
[WhiteElo "1494"]
[BlackElo "1094"]
[PlyCount "40"]
[EventDate "2016.08.18"]

1. e4 d5 2. exd5 Qxd5 3. Nc3 Qd6 4. d4 Nf6 5. Nf3 a6 6. g3 Bg4 7. Bg2 Nc6 8.
Be3 O-O-O 9. h3 Bh5 10. g4 Bg6 11. Qd2 e6 12. O-O-O Nb4 13. Ne1 Be7 14. a3 Nbd5
15. Nd3 Nxe3 16. fxe3 Nd5 17. Nc5 h6 18. e4 Bg5 19. e5 Bxd2+ 20. Rxd2 Qe7 0-1

[Event "European Youth Chess Championship G12"]
[Site "Prague, Top Hotel Prague"]
[Date "2016.08.26"]
[Round "8.40"]
[White "Kuhar, Larisa"]
[Black "Basovskiy, Jana"]
[Result "1-0"]
[WhiteElo "1378"]
[BlackElo "1488"]
[PlyCount "79"]
[EventDate "2016.08.18"]

1. e4 d6 2. d4 Nf6 3. Nc3 Nbd7 4. Nf3 e5 5. Bc4 Be7 6. O-O O-O 7. Re1 c6 8. a4
a5 9. h3 Qc7 10. Be3 h6 11. Ba2 Rd8 12. Qd2 Nf8 13. Rad1 Be6 14. Bxe6 Nxe6 15.
Qc1 Nf8 16. Nd2 Ng6 17. Nb3 Nh5 18. f3 Nhf4 19. Ne2 Bg5 20. Ng3 Bh4 21. Bf2 Bg5
22. Qb1 Nh4 23. c3 Nfxg2 24. Re2 Nf4 25. Rc2 Nxf3+ 26. Kf1 Qc8 27. Nf5 g6 28.
h4 Bf6 29. dxe5 dxe5 30. Bb6 Rxd1+ 31. Qxd1 Nxh4 32. Nxh6+ Kg7 33. Ng4 Qe6 34.
Nc5 Qc4+ 35. Kf2 Nh3+ 36. Kg3 Nf4 37. b3 Nh5+ 38. Kf2 Rd8 39. Qe1 Nf5 40. Nxf6
1-0

[Event "European Youth Chess Championship G12"]
[Site "Prague, Top Hotel Prague"]
[Date "2016.08.26"]
[Round "8.41"]
[White "Datelova, Daniela"]
[Black "Villanyi, Alexia"]
[Result "0-1"]
[WhiteElo "1340"]
[BlackElo "1439"]
[PlyCount "90"]
[EventDate "2016.08.18"]

1. f4 Nf6 2. Nf3 g6 3. e3 Bg7 4. d4 O-O 5. Bd3 d6 6. Nbd2 c5 7. c3 Nc6 8. b3 e5
9. Bb2 Re8 10. Bb5 exf4 11. Bxc6 bxc6 12. O-O fxe3 13. Re1 exd2 14. Qxd2 Bf5
15. Re2 Ne4 16. Qe1 cxd4 17. Nxd4 c5 18. Nxf5 gxf5 19. c4 Bxb2 20. Rxb2 Qg5 21.
Re2 Re6 22. Re3 Rg6 23. Qe2 Kh8 24. Rc1 Rag8 25. Rc2 Qh4 26. Qf3 Rh6 27. g3 Qh3
28. Rg2 f6 29. Ree2 Qg4 30. Qd3 Qg5 31. Re1 Re8 32. Rge2 Rg8 33. Rg2 Rh3 34.
Re3 Qh6 35. a4 a5 36. Rf3 Qg5 37. Qe3 Qxe3+ 38. Rxe3 Rh6 39. Kf1 Kg7 40. Ke2
Kf7 41. Kf3 Ke6 42. Rd2 Rg4 43. Kg2 Kd7 44. Rd5 Rg5 45. Rf3 Rhh5 0-1

[Event "European Youth Chess Championship G12"]
[Site "Prague, Top Hotel Prague"]
[Date "2016.08.26"]
[Round "8.43"]
[White "Maziukaite, Kristina"]
[Black "Maresova, Michaela"]
[Result "1-0"]
[WhiteElo "1323"]
[BlackElo "1430"]
[PlyCount "59"]
[EventDate "2016.08.18"]

1. d4 d5 2. c4 e6 3. Nc3 Nf6 4. cxd5 exd5 5. Bf4 c6 6. e3 Qa5 7. Qc2 Ne4 8. Bd3
Nxc3 9. bxc3 h6 10. h3 Nd7 11. Nf3 Nf6 12. O-O Be7 13. c4 dxc4 14. Bxc4 O-O 15.
Rfc1 Bf5 16. Bd3 Bxd3 17. Qxd3 Qh5 18. Rab1 Nd5 19. Rxb7 Nxf4 20. exf4 Bd6 21.
Rxc6 Bxf4 22. Rc5 Qg6 23. Qxg6 fxg6 24. Ne5 Rfe8 25. Rcc7 Bxe5 26. dxe5 Rxe5
27. Rxg7+ Kf8 28. Rh7 Kg8 29. Rxh6 Re6 30. Rbh7 1-0

[Event "European Youth Chess Championship G12"]
[Site "Prague, Top Hotel Prague"]
[Date "2016.08.26"]
[Round "8.44"]
[White "Subjakova, Kristina"]
[Black "Di, Maulo Alessandra"]
[Result "1-0"]
[WhiteElo "1271"]
[BlackElo "1397"]
[PlyCount "91"]
[EventDate "2016.08.18"]

1. e4 e5 2. Nf3 Nc6 3. d4 exd4 4. Nxd4 Bc5 5. Be3 Qf6 6. Nb5 Bxe3 7. fxe3 Qh4+
8. g3 Qd8 9. N1c3 a6 10. Nd4 Ne5 11. Bg2 Nf6 12. h3 d6 13. Qe2 Be6 14. O-O-O
Qd7 15. Nf3 Qe7 16. Nxe5 dxe5 17. Nd5 Nxd5 18. exd5 Bd7 19. d6 cxd6 20. Bxb7
Bb5 21. Qf3 Rb8 22. Bc6+ Bxc6 23. Qxc6+ Qd7 24. Rxd6 Qxc6 25. Rxc6 Ra8 26. Rd1
f6 27. Rdd6 Ke7 28. Rxa6 Rxa6 29. Rxa6 Rd8 30. Ra3 Kd6 31. Rd3+ Kc7 32. Rxd8
Kxd8 33. Kd2 Kc7 34. Kd3 Kc6 35. Kc4 g5 36. g4 h6 37. e4 Kb6 38. Kd5 Kb5 39.
c4+ Kb6 40. Kd6 Kb7 41. c5 Kc8 42. Kc6 Kd8 43. Kb7 Kd7 44. c6+ Kd6 45. c7 Kc5
46. c8=Q+ 1-0

[Event "European Youth Chess Championship G12"]
[Site "Prague, Top Hotel Prague"]
[Date "2016.08.26"]
[Round "8.45"]
[White "Belozerova, Olga"]
[Black "Babineca, Darja"]
[Result "0-1"]
[WhiteElo "1070"]
[BlackElo "1686"]
[PlyCount "128"]
[EventDate "2016.08.18"]

1. d4 Nf6 2. Nf3 g6 3. g3 Bg7 4. Bg2 O-O 5. O-O d6 6. c4 Nbd7 7. Nc3 e5 8. dxe5
dxe5 9. Bg5 h6 10. Bxf6 Qxf6 11. Nd5 Qd8 12. Qc2 c6 13. Nc3 Qe7 14. Rad1 Nb6
15. b3 Bf5 16. Qb2 Rad8 17. Nd2 e4 18. Qc1 e3 19. Nde4 exf2+ 20. Nxf2 Bxc3 21.
Qxc3 Qxe2 22. Rxd8 Rxd8 23. c5 Nd7 24. Re1 Qxa2 25. Ra1 Qc2 26. Qxc2 Bxc2 27.
Rxa7 Bxb3 28. Rxb7 Nxc5 29. Rc7 Bd5 30. Bxd5 Rxd5 31. Rxc6 Ne6 32. Ng4 Kg7 33.
Kf2 h5 34. Ne3 Rd2+ 35. Kg1 Nd4 36. Rc4 Nf3+ 37. Kf1 Nxh2+ 38. Ke1 Nf3+ 39. Kf1
Rd6 40. Rf4 Rf6 41. Kf2 Ne5 42. Nd5 Nd3+ 43. Ke3 Nxf4 44. Nxf6 Ng2+ 45. Kf2
Kxf6 46. Kxg2 Kg5 47. Kf3 h4 48. gxh4+ Kxh4 49. Kf4 g5+ 50. Kf3 g4+ 51. Kg2 f5
52. Kf2 g3+ 53. Kf3 Kh3 54. Ke2 g2 55. Kf3 g1=Q 56. Kf4 Qg3+ 57. Kxf5 Kh4 58.
Kf6 Qg4 59. Kf7 Qe4 60. Kg7 Qe6 61. Kf8 Qd7 62. Kg8 Kg5 63. Kf8 Kg6 64. Kg8
Qd8# 0-1